000 00349nam a2200121Ia 4500
008 220120s9999||||xx |||||||||||||| ||und||
082 _a621.382 BHA
100 _aBhatt, Hari, K.N and Rao, Ganesh, D
245 0 _aAnalog communications
260 _aSanguin publication
_bNew Delhi
_c2006
300 _aVI, 606p.
_b0
650 _aSIGNAL PROCESSING
_9719
999 _c137015
_d137015